书目信息 |
| 题名: |
大学英语扩展阅读教程
|
|
| 作者: | 崔更生 , 杨昌蓉 主编 | |
| 分册: | 第四册 | |
| 出版信息: | 北京 科学出版社 2005.08 |
|
| 页数: | 121页 | |
| 开本: | 26cm | |
| 丛书名: | ||
| 单 册: | ||
| 中图分类: | H319.4 | |
| 科图分类: | ||
| 主题词: | 英语--ying yu--阅读教学--高等教育--教材 | |
| 电子资源: | ||
| ISBN: | 978-7-03-015656-3 | |
| 000 | 00964nam0 2200253 450 | |
| 001 | 012008294634 | |
| 005 | 20080419152415.10 | |
| 010 | @a978-7-03-015656-3@dCNY16.50 | |
| 100 | @a20080419d2005 em y0chiy0120 ea | |
| 101 | 0 | @achi@aeng |
| 102 | @aCN@b110000 | |
| 105 | @ay z 000yy | |
| 106 | @ar | |
| 200 | 1 | @a大学英语扩展阅读教程@Ada xue ying yu kuo zhan yue du jiao cheng@h第四册@f崔更生, 杨昌蓉主编@Fcui geng sheng,yang chang rong zhu bian |
| 210 | @a北京@c科学出版社@d2005.08 | |
| 215 | @a121页@d26cm | |
| 300 | @a高等职业教育“十一五”规划教材 | |
| 330 | @a本书共分为四册,其中的第三分册,分八个单元,每个单元包括A、B两各部分,分别选择与学习和时尚生活有关的内容进行讲解;书末配有两套测试题和答案。其他类似。 | |
| 606 | 0 | @a英语@Aying yu@x阅读教学@x高等教育@j教材 |
| 690 | @aH319.4@v4 | |
| 701 | 0 | @a崔更生@Acui geng sheng@4主编 |
| 701 | 0 | @a杨昌蓉@Ayang chang rong@4主编 |
| 801 | 0 | @aCN@bQSSK@c20080419 |
| 905 | @b294930-32@dH319.4@eC970:4@f3 | |
| 大学英语扩展阅读教程.第四册/崔更生, 杨昌蓉主编.-北京:科学出版社,2005.08 |
| 121页;26cm |
| 高等职业教育“十一五”规划教材 |
| ISBN 978-7-03-015656-3:CNY16.50 |
| 本书共分为四册,其中的第三分册,分八个单元,每个单元包括A、B两各部分,分别选择与学习和时尚生活有关的内容进行讲解;书末配有两套测试题和答案。其他类似。 |
| ● |
| 相关链接 |
|
|
|
正题名:大学英语扩展阅读教程
索取号:H319.4/C970:4
 
预约/预借
| 序号 | 登录号 | 条形码 | 馆藏地/架位号 | 状态 | 备注 |
| 1 | 294930 | 202949300 | 语言库209/209语言库 44排4列6层/ [索取号:H319.4/C970:4] | 在馆 | |
| 2 | 294931 | 202949319 | 语言库209/209语言库 44排4列6层/ [索取号:H319.4/C970:4] | 在馆 | |
| 3 | 294932 | 202949328 | 语言库209/209语言库 44排4列6层/ [索取号:H319.4/C970:4] | 在馆 |